BP Oil UK Ltd v Kent County Council (Record no. 73476)
[ view plain ]
| 000 -LEADER | |
|---|---|
| fixed length control field | 01749cam a2200229 4500 |
| 001 - CONTROL NUMBER | |
| control field | ABS67058 |
| 008 - FIXED-LENGTH DATA ELEMENTS--GENERAL INFORMATION | |
| fixed length control field | 030929n2003 000 0 eng u |
| 035 ## - SYSTEM CONTROL NUMBER | |
| System control number | (Sirsi) u123743 |
| 245 ## - TITLE STATEMENT | |
| Title | BP Oil UK Ltd v Kent County Council |
| 260 ## - PUBLICATION, DISTRIBUTION, ETC. | |
| Date of publication, distribution, etc. | 2003 |
| 490 ## - SERIES STATEMENT | |
| Series statement | Rating and Valuation Reporter |
| Volume/sequential designation | [2003] RVR 276-288(13) |
| 520 ## - SUMMARY, ETC. | |
| Summary, etc. | [2003] EWCA Civ 798, 13 June 2003. Appeal by appellant (B) against an LT decision (ACQ/12/2002, LT123612) on a preliminary issue that B's claim for compensation for land taken by a compulsory purchase order for highway works fell outside the limitation period as determined by the Limitation Act 1990 s9. The LT maintained that the date of entry was 8 August 1995. B issued a notice of reference to the LT in January 2002 to determine amount of compensation. K had entered into an agreement with B to pay compensation for loss of land to be assessed in accordance with the Compulsory Purchase Code. CA upheld the LT decision that the claim fell outside the limitation period but held that cl4 of the 1996 agreement between K and B constituted a clear contractual obligation for K to pay compensation to B. Appeal allowed and directed that reference should be determined by the LT in accordance with the Lands Tribunal Act 1949 s1(5). View judgment at www.bailii.org. |
| 590 ## - LOCAL NOTE (RLIN) | |
| Local note | ABS |
| 650 ## - SUBJECT ADDED ENTRY--TOPICAL TERM | |
| Topical term or geographic name entry element | BP OIL UK LTD V KENT CC |
| 650 ## - SUBJECT ADDED ENTRY--TOPICAL TERM | |
| Topical term or geographic name entry element | COMPENSATION |
| 650 ## - SUBJECT ADDED ENTRY--TOPICAL TERM | |
| Topical term or geographic name entry element | COMPULSORY PURCHASE ORDERS |
| 650 ## - SUBJECT ADDED ENTRY--TOPICAL TERM | |
| Topical term or geographic name entry element | LIMITATION ACT 1980 |
| 650 ## - SUBJECT ADDED ENTRY--TOPICAL TERM | |
| Topical term or geographic name entry element | TIME-BARRED |
| 690 ## - LOCAL SUBJECT ADDED ENTRY--TOPICAL TERM (OCLC, RLIN) | |
| Topical term or geographic name as entry element | ENVIRONMENTAL AND LAND CONSULTANCY-PLANNING AND DEVELOPMENT-COMPULSORY PURCHASE AND COMPENSATION |
| 856 ## - ELECTRONIC LOCATION AND ACCESS | |
| Uniform Resource Identifier | <a href="https://www.bailii.org/cgi-bin/markup.cgi?doc=/ew/cases/EWCA/Civ/2003/798.html">https://www.bailii.org/cgi-bin/markup.cgi?doc=/ew/cases/EWCA/Civ/2003/798.html</a> |
| Public note | View judgment on the Bailii website... |
| 942 ## - ADDED ENTRY ELEMENTS (KOHA) | |
| Suppress in OPAC | 0 |
| Withdrawn status | Lost status | Source of classification or shelving scheme | Damaged status | Not for loan | Home library | Current library | Shelving location | Date acquired | Total Checkouts | Full call number | Barcode | Date last seen | Copy number | Price effective from | Koha item type |
|---|---|---|---|---|---|---|---|---|---|---|---|---|---|---|---|
| Dewey Decimal Classification | London | London | Journal article | 29/09/2003 | ABS67058 | 123743-1001 | 06/08/2019 | 1 | 06/08/2019 | Law report |